Prefectures of Bonapartist Spain in 1810 on a Map - Statistics

General Stats
  • This quiz has been taken 33 times
  • The average score is 7 of 40
Answers on the Map
Answers color-coded by a green-red scale on the quiz's map according to % correct below.
 
Answer Stats
Capital Prefecture % Correct
Santa Cruz de Tenerife Canarias
58%
Tarragona Ebro
58%
Palma de Mallorca Baleares
54%
Gerona Ter
46%
Orense Sil
33%
Pamplona Bidasoa
29%
Murcia Segura
29%
Barcelona Llobregat
25%
Madrid Manzanares
25%
Salamanca Tormes
25%
Astorga Esla
21%
Granada Genil
21%
Palencia Carrión
17%
Jerez de la Frontera Guadalete
17%
La Coruña Tambre
17%
Ciudad Rodrigo Águeda
13%
Oviedo Cabo de Peñas
13%
Santander Cabo Mayor
13%
Lérida Cinca y Segre
13%
Huesca Ebro y Cinca
13%
Jaén Guadalquivir Alto
13%
Sevilla Guadalquivir Bajo
13%
Lugo Miño Alto
13%
Vigo Miño Bajo
13%
Málaga Salado
13%
Burgos Arlanzón
8%
Alicante Cabo de la Nao
8%
Vitoria Cabo Machichaco
8%
Soria Duero Alto
8%
Valladolid Duero y Pisuerga
8%
Zaragoza Ebro y Jalón
8%
Teruel Guadalaviar Alto
8%
Valencia Guadalaviar Bajo
8%
Córdoba Guadalquivir y Guadajoz
8%
Mérida Guadiana y Guadajira
8%
Cuenca Jucar Alto
8%
Ciudad Real Ojos del Guadiana
8%
Guadalajara Tajo Alto
8%
Cáceres Tajo y Alagón
8%
Toledo Tajo y Alberche
8%
No matching quizzes found
Score Distribution
Percent of People with Each Score
Percentile by Number Answered
Your Score History
You have not taken this quiz